000 00936nam a2200349 a 4500
001 UByD002517
003 AR-LpoUNG
005 20240311111338.0
008 240311s2005||||sp |||||||||||||||||spa d
020 _a8446012545
040 _aAR-LpoUNG
_bspa
_eaacr
041 1 _aspa
044 _asp
082 0 _aR510 782dic
100 1 _aBouvier, Alan
245 1 0 _aDiccionario Akal de matemáticas
260 _aMadrid :
_bAkal,
_c2005.
300 _a896 p. :
_bgráfs., tbls.
505 2 _aIncluye apéndices de notaciones y tablas.
650 4 _aMATEMATICAS
650 4 _aDICCIONARIOS
650 4 _aMATERIAL DE REFERENCIA
650 4 _aTERMINOLOGIA
700 1 _aMichel, George
700 1 _aLe Lionnais, François
_edir.
700 1 _aArmiño, Mauro
_etr.
700 1 _aBordoy, Vicente
_etr.
700 1 _aPérez Alonso, Antonio
_erev.
700 1 _aGrajal, Luis
_erev.
905 _a5294
942 _cLSALA
_2ddc
999 _c65041
_d65041